[Event "Wch U18"]
[Site "Florianopolis"]
[Date "2024.11.06"]
[Round "8"]
[White "Hirano, Enzo Erich Kreutz"]
[Black "Kulik, Nicolas"]
[Result "1-0"]
[WhiteElo "1888"]
[BlackElo "2130"]
[PlyCount "59"]
[EventDate "2024.10.29"]
[EventType "swiss"]
[EventRounds "11"]
[EventCountry "BRA"]
[SourceTitle "CB45_2024"]
[Source "ChessBase"]
[SourceDate "2024.11.06"]
[SourceVersion "1"]
[SourceVersionDate "2024.11.06"]
[SourceQuality "1"]

1. e4 c5 2. Nf3 Nc6 3. d4 cxd4 4. Nxd4 e6 5. Nc3 Qc7 6. Be3 a6 7. Qf3 Ne5 8. Qg3 h5 9. 0-0-0 h4 10. Qh3 Nf6 11. f4 Nc4 12. Bxc4 Qxc4 13. e5 Ng8 14. Kb1 Bb4 15. Ne4 b5 16. b3 Qc7 17. Nd6+ Bxd6 18. exd6 Qd8 19. f5 Nf6 20. Bg5 Rh5 21. g4 Rxg5 22. Qxh4 Ng8 23. Nf3 Rxf5 24. Qh7 Kf8 25. gxf5 Qf6 26. fxe6 dxe6 27. Rhf1 Bd7 28. Nh4 Qh6 29. Ng6+ Ke8 30. Qxg8# 1-0

[Event "Wch U18"]
[Site "Florianopolis"]
[Date "2024.11.02"]
[Round "5"]
[White "Eirew, David"]
[Black "Hirano, Enzo Erich Kreutz"]
[Result "1/2-1/2"]
[WhiteElo "1700"]
[BlackElo "1888"]
[PlyCount "134"]
[EventDate "2024.10.29"]
[EventType "swiss"]
[EventRounds "11"]
[EventCountry "BRA"]
[SourceTitle "CB45_2024"]
[Source "ChessBase"]
[SourceDate "2024.11.06"]
[SourceVersion "1"]
[SourceVersionDate "2024.11.06"]
[SourceQuality "1"]

1. e4 c5 2. Nc3 d6 3. f4 Nc6 4. Nf3 g6 5. Bc4 Bg7 6. 0-0 Nf6 7. d3 0-0 8. Qe1 e6 9. a3 Nd4 10. Nxd4 cxd4 11. Ne2 d5 12. exd5 exd5 13. Bb3 Re8 14. Qf2 Ng4 15. Qf3 Nxh2 16. Kxh2 Qh4+ 17. Kg1 Bg4 18. Qf2 Qxf2+ 19. Rxf2 Bxe2 20. Bxd5 Rac8 21. f5 gxf5 22. Rxf5 Re7 23. Bg5 Rd7 24. Bb3 Bg4 25. Rf2 Be6 26. Bxe6 fxe6 27. Re1 Rf7 28. Rxe6 Rxf2 29. Kxf2 Rxc2+ 30. Re2 Rc5 31. Bf4 Rb5 32. Kf3 Kf7 33. g4 h5 34. gxh5 Rxh5 35. Kf2 Rb5 36. b4 Bf6 37. Re4 b6 38. Ke2 Rh5 39. Kd2 Rf5 40. Kc2 b5 41. Bc1 Rf2+ 42. Kb3 Rf3 43. Kc2 Rf5 44. Re2 Be5 45. Bb2 Bf6 46. Kb3 Rd5 47. Re4 Re5 48. Rxe5 Bxe5 49. Kc2 Kf6 50. Bc1 Kf5 51. Bb2 Kg4 52. Bc1 Bf4 53. Bb2 Be3 54. Kd1 Kf3 55. Kc2 Ke2 56. Ba1 Bf2 57. Bb2 Be3 58. Ba1 Bg1 59. Bb2 Bf2 60. Ba1 Ke3 61. Bb2 Be1 62. Ba1 a5 63. bxa5 Bxa5 64. Bb2 Bb6 65. Bc1+ Ke2 66. Bb2 Bc5 67. Bc1 Bb6 1/2-1/2

[Event "Pan American-ch U2300"]
[Site "Balneario Camboriu"]
[Date "2024.09.29"]
[Round "8"]
[White "Hirano, Enzo Erich Kreutz"]
[Black "Kayser, Gustavo Warmling"]
[Result "0-1"]
[WhiteElo "1912"]
[BlackElo "1993"]
[PlyCount "78"]
[EventDate "2024.09.24"]
[EventType "swiss"]
[EventRounds "9"]
[EventCountry "BRA"]
[SourceTitle "EXT 2025"]
[Source "ChessBase"]
[SourceDate "2024.10.14"]
[SourceVersion "1"]
[SourceVersionDate "2024.10.14"]
[SourceQuality "1"]

1. e4 c5 2. Nf3 Nc6 3. d4 cxd4 4. Nxd4 Nf6 5. Nc3 e5 6. Ndb5 d6 7. Bg5 a6 8. Na3 b5 9. Bxf6 gxf6 10. Nd5 f5 11. Bd3 Be6 12. c3 Bxd5 13. exd5 Ne7 14. Nxb5 Bg7 15. Na3 Qa5 16. Bc4 e4 17. 0-0 Bxc3 18. bxc3 Qxa3 19. Qd4 0-0 20. f3 Ng6 21. fxe4 fxe4 22. Qxe4 Qxc3 23. Rac1 Qa3 24. Bb3 Rfe8 25. Qf5 Re7 26. Qf6 a5 27. h4 a4 28. h5 axb3 29. hxg6 Qa7+ 30. Kh2 fxg6 31. axb3 Re5 32. Rce1 Rae8 33. Rxe5 dxe5 34. Qc6 Qe7 35. d6 Qh4+ 36. Kg1 Qd4+ 37. Kh2 Rd8 38. Rf7 Qh4+ 39. Kg1 Kxf7 0-1

[Event "Pan American-ch U2300"]
[Site "Balneario Camboriu"]
[Date "2024.09.29"]
[Round "9"]
[White "Zimmermann, Kleber Renato P"]
[Black "Hirano, Enzo Erich Kreutz"]
[Result "1/2-1/2"]
[WhiteElo "1906"]
[BlackElo "1912"]
[PlyCount "52"]
[EventDate "2024.09.24"]
[EventType "swiss"]
[EventRounds "9"]
[EventCountry "BRA"]
[SourceTitle "EXT 2025"]
[Source "ChessBase"]
[SourceDate "2024.10.14"]
[SourceVersion "1"]
[SourceVersionDate "2024.10.14"]
[SourceQuality "1"]

1. d4 d5 2. c4 e6 3. Nc3 Nf6 4. Bg5 Be7 5. e3 0-0 6. Nf3 h6 7. Bxf6 Bxf6 8. cxd5 exd5 9. b4 c6 10. Be2 Bf5 11. 0-0 Nd7 12. Qb3 a6 13. a4 h5 14. b5 axb5 15. axb5 h4 16. Rxa8 Qxa8 17. h3 Qa5 18. Rc1 Ra8 19. Ne1 Qa3 20. Qxa3 Rxa3 21. bxc6 bxc6 22. Nb1 Rb3 23. Nd2 Rb2 24. Rd1 c5 25. dxc5 Nxc5 26. Bg4 Be4 1/2-1/2

[Event "Pan American-ch U2300"]
[Site "Balneario Camboriu"]
[Date "2024.09.28"]
[Round "6"]
[White "Silva, Juliana Figueira Th"]
[Black "Hirano, Enzo Erich Kreutz"]
[Result "1/2-1/2"]
[WhiteElo "1859"]
[BlackElo "1912"]
[PlyCount "72"]
[EventDate "2024.09.24"]
[EventType "swiss"]
[EventRounds "9"]
[EventCountry "BRA"]
[SourceTitle "EXT 2025"]
[Source "ChessBase"]
[SourceDate "2024.10.14"]
[SourceVersion "1"]
[SourceVersionDate "2024.10.14"]
[SourceQuality "1"]

1. d4 d5 2. c4 e6 3. Nc3 Nf6 4. cxd5 exd5 5. Bg5 c6 6. e3 Bd6 7. Bd3 0-0 8. Qc2 h6 9. Bh4 a5 10. Nge2 Na6 11. a3 Re8 12. h3 Nc7 13. 0-0 Ne6 14. b3 Ng5 15. Ng3 Nxh3+ 16. gxh3 g5 17. Bxg5 hxg5 18. Nf5 Bxf5 19. Bxf5 Bc7 20. Kg2 Qd6 21. Rh1 Rxe3 22. fxe3 Qg3+ 23. Kf1 Qf3+ 24. Kg1 Qxe3+ 25. Qf2 Qxc3 26. Rd1 Re8 27. Rd3 Qc1+ 28. Kg2 Qxa3 29. h4 g4 30. Qd2 Ne4 31. Bxe4 dxe4 32. Qg5+ Kf8 33. Qh6+ Ke7 34. Qg5+ Kf8 35. Qh6+ Ke7 36. Qg5+ Kf8 1/2-1/2

[Event "Pan American-ch U2300"]
[Site "Balneario Camboriu"]
[Date "2024.09.27"]
[Round "5"]
[White "Hirano, Enzo Erich Kreutz"]
[Black "Conor, Gilberto Bordignon"]
[Result "1-0"]
[WhiteElo "1912"]
[BlackElo "1815"]
[PlyCount "65"]
[EventDate "2024.09.24"]
[EventType "swiss"]
[EventRounds "9"]
[EventCountry "BRA"]
[SourceTitle "EXT 2025"]
[Source "ChessBase"]
[SourceDate "2024.10.14"]
[SourceVersion "1"]
[SourceVersionDate "2024.10.14"]
[SourceQuality "1"]

1. e4 c5 2. Nf3 d6 3. d4 cxd4 4. Nxd4 Nf6 5. Nc3 a6 6. Be3 Nc6 7. f3 e5 8. Nb3 Be6 9. Qd2 Be7 10. Nd5 Bxd5 11. exd5 Nb8 12. c4 Nbd7 13. Na5 Qc7 14. Be2 0-0 15. 0-0 Bd8 16. b4 e4 17. f4 b6 18. Nc6 Nb8 19. Nxd8 Rxd8 20. Qd4 Nbd7 21. g4 h5 22. g5 Ng4 23. Bc1 f5 24. h3 Kf7 25. hxg4 hxg4 26. Kf2 Rh8 27. Bb2 Rag8 28. Rh1 Rxh1 29. Rxh1 Kg6 30. Bxg4 fxg4 31. Qxe4+ Kf7 32. Qe6+ Kf8 33. Bxg7+ 1-0

[Event "Pan American-ch U2300"]
[Site "Balneario Camboriu"]
[Date "2024.09.24"]
[Round "1"]
[White "Hirano, Enzo Erich Kreutz"]
[Black "Rodrigues Mota, Romulo Cardoso S"]
[Result "0-1"]
[WhiteElo "1912"]
[BlackElo "2110"]
[PlyCount "74"]
[EventDate "2024.09.24"]
[EventType "swiss"]
[EventRounds "9"]
[EventCountry "BRA"]
[SourceTitle "EXT 2025"]
[Source "ChessBase"]
[SourceDate "2024.10.14"]
[SourceVersion "1"]
[SourceVersionDate "2024.10.14"]
[SourceQuality "1"]

1. e4 c5 2. Nf3 g6 3. d4 cxd4 4. Nxd4 Nc6 5. c4 Bg7 6. Be3 Nf6 7. Nc3 b6 8. Be2 Bb7 9. 0-0 0-0 10. b3 Qb8 11. Nxc6 Bxc6 12. Qc2 Qe5 13. f4 Qe6 14. e5 d6 15. Nb5 Bxb5 16. cxb5 Nd5 17. Qd2 Nxe3 18. Qxe3 dxe5 19. Bc4 exf4 20. Qxe6 Bd4+ 21. Kh1 fxe6 22. Rfe1 Kg7 23. Rxe6 Bc5 24. a4 Rad8 25. Rae1 f3 26. gxf3 Rxf3 27. Rxe7+ Bxe7 28. Rxe7+ Kh6 29. Kg2 Rc3 30. Rxa7 Rd2+ 31. Kg1 Rc1+ 32. Bf1 Rd3 33. b4 Rf3 34. a5 Rcxf1+ 35. Kg2 R1f2+ 36. Kg1 Rb2 37. Rb7 Rc3 0-1

[Event "Blumenau U2400 op"]
[Site "Blumenau"]
[Date "2024.09.01"]
[Round "5"]
[White "Vieira, Igor Do Nascimento"]
[Black "Hirano, Enzo Erich Kreutz"]
[Result "1/2-1/2"]
[WhiteElo "1656"]
[BlackElo "1912"]
[PlyCount "52"]
[EventDate "2024.08.30"]
[EventType "swiss"]
[EventRounds "6"]
[EventCountry "BRA"]
[SourceTitle "EXT 2025"]
[Source "ChessBase"]
[SourceDate "2024.10.14"]
[SourceVersion "1"]
[SourceVersionDate "2024.10.14"]
[SourceQuality "1"]

1. e4 c5 2. Nf3 e6 3. d4 cxd4 4. Nxd4 Nf6 5. Bd3 Nc6 6. Nb3 d5 7. exd5 exd5 8. 0-0 Be7 9. Nc3 0-0 10. Bg5 Be6 11. Re1 a6 12. a3 Rc8 13. Rc1 Qc7 14. h3 Rfe8 15. Qf3 Ne5 16. Qg3 Nxd3 17. Qxd3 h6 18. Bh4 b5 19. Nd4 Qd7 20. Nce2 Ne4 21. Bxe7 Rxe7 22. Nf4 Nc5 23. Qg3 Ne4 24. Qd3 Nc5 25. Qg3 Ne4 26. Qd3 Nc5 1/2-1/2

[Event "Blumenau U2400 op"]
[Site "Blumenau"]
[Date "2024.08.30"]
[Round "1"]
[White "Ferraz, Sebastian Liam"]
[Black "Hirano, Enzo Erich Kreutz"]
[Result "0-1"]
[WhiteElo "1835"]
[BlackElo "1912"]
[PlyCount "78"]
[EventDate "2024.08.30"]
[EventType "swiss"]
[EventRounds "6"]
[EventCountry "BRA"]
[SourceTitle "EXT 2025"]
[Source "ChessBase"]
[SourceDate "2024.10.14"]
[SourceVersion "1"]
[SourceVersionDate "2024.10.14"]
[SourceQuality "1"]

1. e4 c5 2. Nf3 e6 3. d4 cxd4 4. Nxd4 Nf6 5. Nc3 Nc6 6. Be3 Bb4 7. f3 d5 8. Bb5 Qc7 9. Qd3 0-0 10. 0-0 Ne5 11. Qe2 a6 12. Bd3 Nxd3 13. Qxd3 e5 14. Nde2 d4 15. Nxd4 exd4 16. Qxd4 Bxc3 17. bxc3 Rd8 18. Qb4 b5 19. Rad1 Be6 20. a4 Bc4 21. Rfe1 Rxd1 22. Rxd1 Rd8 23. Re1 a5 24. Qb2 bxa4 25. e5 Qxe5 26. Qb6 Rb8 27. Qa7 a3 28. Rd1 a2 29. Kf2 Nd5 30. Bd4 Qe2+ 31. Kg3 Re8 32. Qd7 Bb5 33. Qxd5 Qxd1 34. Qxb5 Qe1+ 35. Kg4 a1Q 36. Qg5 Qe6+ 37. Kg3 Qae1+ 38. Bf2 Qxf2+ 39. Kxf2 Qe1# 0-1

[Event "Florianopolis op 10th"]
[Site "Florianopolis"]
[Date "2024.01.27"]
[Round "9"]
[White "Hirano, Enzo Erich Kreutz"]
[Black "Flesch, Lucas Henrique Ye"]
[Result "1/2-1/2"]
[WhiteElo "1861"]
[BlackElo "1571"]
[PlyCount "135"]
[EventDate "2024.01.20"]
[EventType "swiss"]
[EventRounds "10"]
[EventCountry "BRA"]
[SourceTitle "EXT 2025"]
[Source "ChessBase"]
[SourceDate "2024.10.14"]
[SourceVersion "1"]
[SourceVersionDate "2024.10.14"]
[SourceQuality "1"]

1. e4 e6 2. d4 d5 3. Nd2 Nf6 4. e5 Nfd7 5. c3 c5 6. Bd3 Nc6 7. Ne2 cxd4 8. cxd4 f6 9. exf6 Nxf6 10. Nf3 Bd6 11. 0-0 0-0 12. Bf4 Bxf4 13. Nxf4 Ne4 14. Qc1 Ng5 15. Nxg5 Qxg5 16. Bxh7+ Kxh7 17. Nxe6 Qf5 18. Nxf8+ Qxf8 19. Qg5 Qf5 20. Qh4+ Kg8 21. Rfe1 Bd7 22. Rac1 Rf8 23. f3 Qf4 24. Qxf4 Rxf4 25. Red1 Kf7 26. Kf2 Ke6 27. Ke3 Rh4 28. h3 Kd6 29. Rd2 g5 30. b3 a6 31. Rh1 Ne7 32. Kf2 Nf5 33. g4 Ne7 34. Kg3 Ng6 35. Re2 Rh8 36. Rhe1 Nf4 37. Rh2 Ng6 38. Re3 Rh7 39. Rh1 Rh8 40. Rh2 Rh7 41. Kf2 b5 42. b4 Nf4 43. Kg3 Ng6 44. Ra3 Bc8 45. Rc3 Bd7 46. Re3 Rh8 47. Ra3 Bc8 48. Rc2 Bb7 49. Rh2 Bc8 50. Rc3 Bd7 51. Rc5 Rh7 52. Rcc2 Rh8 53. Rc3 Rh7 54. Kf2 Nf4 55. h4 gxh4 56. Re3 Ng6 57. Rh1 Rf7 58. Kg2 Nf4+ 59. Kh2 Ne6 60. Rd1 Ng5 61. Kg2 Ne6 62. Kh2 Ng5 63. Kg2 Ne6 64. Ra3 Bc8 65. Re3 Bd7 66. Kf2 Ng5 67. Kg2 Ne6 68. Kf2 1/2-1/2

[Event "Florianopolis op-A 04"]
[Site "Florianopolis"]
[Date "2023.04.29"]
[Round "2"]
[White "Piekarski, Atila Balzer"]
[Black "Hirano, Enzo Erich Kreutz"]
[Result "1-0"]
[WhiteElo "2050"]
[BlackElo "1797"]
[PlyCount "67"]
[EventDate "2023.04.28"]
[EventType "swiss"]
[EventRounds "6"]
[EventCountry "BRA"]
[SourceTitle "CBM 214 Extra"]
[Source "ChessBase"]
[SourceDate "2023.07.31"]
[SourceVersion "1"]
[SourceVersionDate "2023.07.31"]
[SourceQuality "1"]

1. e4 c5 2. Nf3 d6 3. d4 cxd4 4. Nxd4 Nf6 5. Nc3 a6 6. h3 e5 7. Nde2 h5 8. Bg5 Be6 9. Bxf6 Qxf6 10. Nd5 Bxd5 11. Qxd5 Nc6 12. Ng3 g6 13. Bc4 Bh6 14. Rd1 Nb4 15. Bb5+ Kf8 16. Qb3 Nxc2+ 17. Qxc2 axb5 18. Qb3 Qe6 19. Rd5 Kg7 20. 0-0 Ra4 21. a3 h4 22. Qxb5 Rha8 23. Ne2 Rxe4 24. Rfd1 Rd8 25. Nc3 Rd4 26. Qxb7 Rxd1+ 27. Rxd1 Rd7 28. Qb5 f5 29. Nd5 e4 30. Qc4 f4 31. Re1 Re7 32. Qc3+ Qe5 33. Nxe7 Kf6 34. Ng8+ 1-0

[Event "Rio de Janeiro Duchamp op 4th"]
[Site "Rio de Janeiro"]
[Date "2022.12.08"]
[Round "2"]
[White "Hirano, Enzo Erich Kreutz"]
[Black "Campagnolo, Bruna"]
[Result "1-0"]
[WhiteElo "1691"]
[BlackElo "1535"]
[PlyCount "37"]
[EventDate "2022.12.07"]
[EventType "swiss"]
[EventRounds "9"]
[EventCountry "BRA"]
[SourceTitle "CBM 211 Extra"]
[Source "ChessBase"]
[SourceDate "2023.01.31"]
[SourceVersion "1"]
[SourceVersionDate "2023.01.31"]
[SourceQuality "1"]

1. e4 c5 2. Nf3 Nc6 3. d4 cxd4 4. Nxd4 Nf6 5. Nc3 e5 6. Ndb5 d6 7. Bg5 a6 8. Na3 b5 9. Bxf6 gxf6 10. Nd5 f5 11. Bd3 fxe4 12. Bxe4 Bd7 13. c3 Bg7 14. Qh5 h6 15. Nc2 0-0 16. Nce3 Qg5 17. Qxg5 hxg5 18. Nb6 Ra7 19. Nxd7 1-0